000
nam a22 7a 4500
999
_c
328806
_d
328806
003
Nust
005
20170417134220.0
008
170417b xxu||||| |||| 00| 0 eng d
040
_c
dlc
082
_a
361.1 NRC
245
_a
Science and Decisions : Advancing Risk Assessment
942
_2
ddc
_c
BK